000 01551nam0a22002771 4500
001 rc\3943828
005 20260407221220.0
021 _aRU
_b[55-13016]
035 _a(NLR Aleph) 008039821
090 _a8874040
_c8874040
100 _a20130415d1955 |||y0rusy50 ca
101 0 _arus
102 _aRU
105 _ay z |||||
200 1 _aПостановление бюро Центрального комитета ЛКСМ Молдавии и коллегии Министерства сельского хозяйства Молдавской ССР от 14 февраля 1955 года. О республиканском социалистическом соревновании сельских районных комсомольских организаций и молодежных звеньев, кормодобывающих бригад за выращивание высоких урожаев кукурузы
210 _aКишинев
_cПартиздат Молдавии
_d1955
215 _a8 с.
_d20
601 0 2 _aЛКСМ Молдавии
_2psbo
606 _aКукуруза
_xВозделывание
_xСоциалистическое соревнование
_yМолдавская ССР
_2psbo
710 0 2 _aЛКСМ Молдавии
_bЦК
_3RU\NLR\AUTH\8810148005
_9790495
712 0 1 _aМССР
_bМинистерство сельского хозяйства
_3RU\NLR\AUTH\889924017
_9343964
801 0 _aRU
_bNLR
_gpsbo
801 1 _aRU
_bELAR
_2rusmarc
852 _aNLR
_jИр74 Г-4/588
942 _cBOOK
980 _aNB